1871 1244 1409 1116 1414 1529 1549 1794 1768 1350 1368 1265 1444 1167 1432 1623 1714 1725 1397 1895 1494 1963 1873 1500 1828 1487 1765 1491 1916 1802 1260 1651 1292 1097 1217 1501 1416 1755 1219 1930 1103 1243 1169 1077 1392 1432 1303 1626 1459 1284 1716 1387 1248 1420 1396 1514 1767 1369 1491 1021 1324 1535 1537 1222 1885 1672 1290 1731 1201 1005 1501 1097 1276 1204 1912 1650 1680 1863 1345 1213 1590 1831 1945 1419 1713 1743 1944 1481 1307 1987 1911 1455 1821 1807 1402 1397 1905 1874 1789 BCNSPRNW ULIB Ver.6.0+V

เปลี่ยนเป็นภาษาไทย

Change to English
 แสดงรายละเอียดบรรณานุกรม
  กลับหน้าหลัก

Brief Record : Get Marc (ISO 2709) : E-mail record : QR code < ปิดหน้าต่าง
LEADER : 00000nam 2200000uu 4500
001    13399111381
003     ULIB
008    110623s2000||||th 000 0 eng d
020    1556424159
024    6781556424151
060  4 WQ200^bS837 2000
100 1  Stephenson,Rebecca G.
245 10 Obstetric and gynecologic care in physical therapy /^cRebecca G. Stephenson, Linda J. OConnor.
250    2nd ed.
260    Thorofare,N.J.:^bSlack Inc.;^c2000.
300    xvi, 322 p. :^bill. ;^c29 cm.
650  0 Womens Health
650  2 Obstetrics
650  2 Physical therapy^xpregnancy.
650  2 Pregnancy complications, Infectious.
650  2 Physical therapy^xmethods.
700 0  O Connor, Linda J.
945    ^p1355^l0^i012454
995     Kesorn
999 ^a ใช้งานได้ทุกระบบ
รายการนี้ยังไม่มีแท็ก
คุณยังไม่ได้ล็อกอิน คุณสามารถมีกิจกรรมร่วมกับเว็บไซต์ได้ แต่ต้องล็อกอินก่อน ::
  ล็อกอิน

รายการสื่อสารสนเทศ

ลำดับที่ ประเภท เลขเรียก/บาร์โค้ด สถานที่ สถานะ
- ไม่พบข้อมูล -

รายการใกล้เคียง
    หัวเรื่อง [Obstetrics]

BibComment


ยังไม่เคยถูกคอมเมนท์

คอมเมนท์ทรัพยากรรายการนี้
  คอมเมนท์: Obstetric and gyn..


 Copyright 2026. Bcnsprnw @Library